000 00515cam a2200205ua 4500
001 6143
005 20260515114007.0
008 131125n ii |||gr||||Z||||||eng
020 _a978-81-272-4602-0
040 _cMAIN
082 _a657.95
245 _aCorporate Accounting
_cBy S.P. Jain
260 _aLudhiana:
_bKalyani Publishers,
_c2008.
300 _ax,808p.
653 _aAccounting
653 _aCorporate Accounting
700 _aJain,S.P.,
_eAuthor.,
700 _aNarang,K.L.,
_eAuthor.
942 _cBK
999 _c5290
_d5290